[Event "Panchavati Resha op 3rd"]
[Site "Panchavati"]
[Date "2017.07.18"]
[Round "1"]
[White "Deoshatwar, Ojas"]
[Black "Polakhare, Aryan"]
[Result "0-1"]
[WhiteElo "1015"]
[BlackElo "1872"]
[PlyCount "70"]
[EventDate "2017.07.18"]
[EventType "swiss"]
[EventRounds "10"]
[EventCountry "IND"]
[SourceTitle "EXT 2018"]
[Source "ChessBase"]
[SourceDate "2017.10.13"]
[SourceVersion "1"]
[SourceVersionDate "2017.10.13"]
[SourceQuality "1"]

1. e4 c5 2. Nf3 e6 3. d4 cxd4 4. Nxd4 a6 5. Nc3 Qc7 6. g3 Bb4 7. Bd2 Nc6 8. Nde2 Nf6 9. Bg2 Be7 10. 0-0 0-0 11. Bf4 d6 12. a3 Bd7 13. b4 b5 14. Kh1 Rfd8 15. Ng1 Nxb4 16. axb4 Qxc3 17. e5 dxe5 18. Bxa8 Bc6+ 19. Bxc6 Rxd1 20. Raxd1 Qxc6+ 21. f3 exf4 22. Rfe1 fxg3 23. hxg3 h6 24. Re2 Nd5 25. Rc1 Bxb4 26. Kh2 a5 27. Rf2 a4 28. f4 Nf6 29. Rf3 Bc5 30. Rc3 Bxg1+ 31. Kxg1 Qxc3 32. Kf1 Qf3+ 33. Ke1 Ne4 34. c3 Qf2+ 35. Kd1 Qd2# 0-1